[Event "Tammisaari We EkSK"]
[Site "Tammisaari"]
[Date "1997.??.??"]
[Round "3"]
[White "Holmsten, Aleksei"]
[Black "Veingold, Aleksandr"]
[Result "1/2-1/2"]
[WhiteElo "2325"]
[BlackElo "2460"]

1.e4 c5 2.Nf3 Nc6 3.d4 cxd4 4.Nxd4 Nf6 5.Nc3 d6 6.Bg5 e6 7.Qd2 a6 8.O-O-O h6
9.Be3 Bd7 10.f4 b5 11.Bd3 Be7 12.Kb1 b4 13.Nce2 Qc7 14.h3 Nxd4 15.Bxd4 e5
16.Be3 Qb7 17.Ng3 Bc6 18.Rhe1 Rd8 19.Nf5 Bf8 20.Bf2 Nxe4 21.Bxe4 Bxe4 22.Ng3 Bg6
23.f5 Bh7 24.Rxe5+ Be7 25.Rd5 O-O 26.Nh5 Rc8 27.Qd4 f6 28.Nf4 Rc6 29.Qe4 Rfc8
30.R5d2 Bf8 31.g4 Qf7 32.b3 a5 33.Ne6 Rc3 34.Nxf8 Qxf8 35.Rxd6 Kh8 36.Bb6 Bg8
37.Rd8 Rxd8 38.Rxd8 Qf7 39.Qe6 Kh7 40.Qxf7 Bxf7 41.Bxa5 Rxh3 42.Bxb4 Rh4
43.a4 Rxg4 44.Bc5 Rf4 45.a5 Rxf5 46.a6 Rxc5 47.a7 Ra5 48.a8=Q Rxa8 49.Rxa8 h5
50.Kc1 h4 51.Kd2 h3 52.c4 g5 53.Ke3 Be8 54.Kf2 Bc6 55.Ra7+ Kg6 56.Kg3 g4
57.b4 Bg2 58.Ra2 f5 59.Rxg2 hxg2 60.Kxg2 Kf6 61.b5 Ke6 62.b6 Kd6 63.Kg3 Kc6
64.c5 Kb7 65.Kf4 Kc6  1/2-1/2

[Event "Tampere Elo Taraus op"]
[Site "Tampere"]
[Date "1997.??.??"]
[Round "3"]
[White "Nokso Koivisto, Antti"]
[Black "Maki, Veijo"]
[Result "0-1"]
[WhiteElo "2215"]
[BlackElo "2395"]

1.e4 c5 2.Nf3 Nc6 3.d4 cxd4 4.Nxd4 Nf6 5.Nc3 d6 6.Bg5 e6 7.Qd2 a6 8.O-O-O Bd7
9.f4 Be7 10.Nf3 b5 11.Bxf6 gxf6 12.f5 Qb6 13.fxe6 fxe6 14.g3 b4 15.Ne2 Qf2
16.Nfd4 Nxd4 17.Nxd4 Qxd2+ 18.Kxd2 Kf7 19.Bc4 Rhc8 20.b3 Bf8 21.Rhf1 Ke7
22.Ke2 Rc5 23.Kf2 Bh6 24.Rfe1 a5 25.Rd3 Rac8 26.Kg1 Rxc4 27.bxc4 Rxc4 28.Re2 a4
29.Kg2 Bc1 30.Kg1 Bb2 31.Red2 Bc3 32.Rd1 Be8 33.g4 Bg6 34.Nb5 Bxe4 35.Rxd6 Bd5
36.Ra6 Rxg4+ 37.Kf2 Be5 38.Ra7+ Kf8 39.Rxd5 exd5 40.Rxh7 Rc4 41.Kf3 Rxc2
42.Kg4 Rxh2 43.Ra7 Rxa2 44.Kf5 a3 45.Ke6 Re2  0-1

[Event "Tampere Elo Taraus op"]
[Site "Tampere"]
[Date "1997.??.??"]
[Round "3"]
[White "Saastamoinen, Aarne"]
[Black "Taivainen, Jukka"]
[Result "1/2-1/2"]
[WhiteElo "2175"]
[BlackElo "2295"]

1.e4 c5 2.Nf3 d6 3.d4 cxd4 4.Nxd4 Nf6 5.Nc3 Nc6 6.Bg5 e6 7.Qd2 Be7 8.f4 Nxd4
9.Qxd4 O-O 10.O-O-O Qa5 11.Bc4 Bd7 12.e5 dxe5 13.fxe5 Bc6 14.Qf4 Nd5 15.Nxd5 Bxg5
16.Qxg5 Bxd5 17.Bxd5 exd5 18.a3 Qc5 19.c3 Rac8 20.Qd2 Rcd8 21.Kb1 Rfe8 22.Rhe1 Re6
23.Qd4 Rc6 24.Re3 Qb5 25.Qb4 Qxb4 26.axb4 Re6 27.Rdd3 Ree8 28.b5 Kf8 29.Kc2 Ke7
30.b3 Ke6 31.Re2 Rc8 32.Rg3 Rg8 33.Kd3 Rc5 34.c4 dxc4+ 35.bxc4 Rd8+ 36.Kc3 Rdc8
37.Rxg7 Rxc4+ 38.Kd2 Rh4 39.g3 Rh5 40.g4 Rh3 41.Rf2 Rf8 42.g5 Rd8+ 43.Kc2 Rd7
44.Rf6+ Kxe5 45.Rfxf7 Rxh2+ 46.Kc3 Rh3+ 47.Kc2 Rxf7 48.Rxf7 b6 49.Rxa7 Kd6
50.Rg7 Kc5 51.g6 hxg6 52.Rxg6 Kxb5 53.Rg4 Ka5 54.Kb2 b5  1/2-1/2

[Event "Tampere Elo Taraus op"]
[Site "Tampere"]
[Date "1997.??.??"]
[Round "6"]
[White "Holmsten, Aleksei"]
[Black "Veingold, Aleksandr"]
[Result "1-0"]
[WhiteElo "2325"]
[BlackElo "2460"]

1.e4 c5 2.Nf3 Nc6 3.d4 cxd4 4.Nxd4 Nf6 5.Nc3 d6 6.Bg5 e6 7.Qd2 a6 8.O-O-O h6
9.Be3 Bd7 10.f4 b5 11.Bd3 Be7 12.h3 Nxd4 13.Bxd4 b4 14.Ne2 e5 15.Be3 Qa5
16.Kb1 exf4 17.Nxf4 Bc6 18.Bd4 O-O 19.Rde1 Nd7 20.Bc4 Bg5 21.h4 Bxf4 22.Qxf4 Ne5
23.Bb3 Qb5 24.Rh3 a5 25.Rg3 Kh8 26.Bxe5 Qxe5 27.Qxe5 dxe5 28.Rd3 Rac8 29.Rd6 Rc7
30.Bd5 Rfc8 31.Bxc6 Rxc6 32.Rxc6 Rxc6 33.Re3 Rc4 34.c3 bxc3 35.bxc3 Kh7 36.Kc2 a4
37.Kd3 Rc7 38.c4 Kg6 39.Kc3 f5 40.Kb4 f4 41.Rc3 Kh5 42.c5 Kxh4 43.c6 g5 44.Kc5 g4
45.Kd6 Rc8 46.Kxe5 f3 47.gxf3 gxf3 48.Kd6 f2 49.Rf3 Rd8+ 50.Ke6 Rd2 51.c7 Rc2
52.Kd7 Rd2+ 53.Ke8 Rc2 54.Rxf2 Rxc7 55.e5 Kg3 56.Rd2 h5 57.e6 h4 58.Kd8 Ra7
59.e7 Ra8+ 60.Kd7 h3 61.e8=Q Rxe8 62.Kxe8 h2 63.Rd1 a3 64.Kd7 Kg2 65.Kc6 h1=Q
66.Rxh1 Kxh1 67.Kb5 Kg2 68.Kb4 Kf3 69.Kxa3 Ke4 70.Kb4 Kd5 71.Kb5 Kd6 72.Kb6 Kd7
73.Kb7  1-0

[Event "Tanta op"]
[Site "Tanta"]
[Date "1997.??.??"]
[Round "6"]
[White "Berelovich, Aleksandar"]
[Black "El Ghazali, Youssef M"]
[Result "1-0"]
[WhiteElo "2495"]
[BlackElo "2275"]

1.e4 c5 2.Nf3 Nc6 3.d4 cxd4 4.Nxd4 Nf6 5.Nc3 d6 6.Bg5 e6 7.Qd2 Be7 8.O-O-O Nxd4
9.Qxd4 O-O 10.f4 h6 11.Bh4 Qa5 12.e5 dxe5 13.Qxe5 Qxe5 14.fxe5 Nd5 15.Bxe7 Nxe7
16.Bd3 Nc6 17.Rhe1 Rd8 18.Be4 Bd7 19.Nb5 Ne7 20.Nd6 Bc6 21.Bxc6 Nxc6 22.Nxb7 Rxd1+
23.Rxd1 Nxe5 24.Na5 Rc8 25.Rd4 Kf8 26.c4 Ke7 27.Kd2 f5 28.b4 g5 29.c5 f4
30.Kc3 Rf8 31.b5 g4 32.b6 axb6 33.cxb6 f3 34.gxf3 gxf3 35.b7 f2 36.Rd1 Rf3+
37.Kc2 Nd7 38.Nc6+ Kf6 39.Rf1 Kg5 40.Ne5 Nxe5  1-0

[Event "Czerniak mem Bikurei Haitim"]
[Site "Tel Aviv"]
[Date "1997.??.??"]
[Round "3"]
[White "David, Alberto"]
[Black "Avrukh, Boris"]
[Result "1/2-1/2"]
[WhiteElo "2455"]
[BlackElo "2520"]

1.e4 c5 2.Nf3 d6 3.d4 cxd4 4.Nxd4 Nf6 5.Nc3 Nc6 6.Bg5 e6 7.Qd2 a6 8.O-O-O h6
9.Be3 Be7 10.f4 Nxd4 11.Bxd4 b5 12.Kb1 b4 13.Na4 Rb8 14.e5 dxe5 15.Bxe5 Bd7
16.Qf2 Nd5 17.Rxd5 exd5 18.Bxb8 Qxb8 19.Nc5 Qb6 20.Nd3 Qxf2 21.Nxf2 a5 22.Nd3 Bf5
23.Ne5 Be4 24.Bb5+ Kf8 25.Bd3 g5 26.Bxe4 dxe4 27.Re1 gxf4 28.Rxe4  1/2-1/2

[Event "DEN-chJ int"]
[Site "Tingkaerskolen"]
[Date "1997.??.??"]
[Round "5"]
[White "Bromann, Thorbjorn"]
[Black "Van Delft, Merijn"]
[Result "1/2-1/2"]
[WhiteElo "2230"]
[BlackElo "2230"]

1.e4 c5 2.Nf3 Nc6 3.d4 cxd4 4.Nxd4 Nf6 5.Nc3 d6 6.Bg5 e6 7.Qd2 Be7 8.O-O-O Nxd4
9.Qxd4 O-O 10.f3 a6 11.e5 dxe5 12.Qxe5 Bd7 13.h4 Rc8 14.Kb1 Qc7 15.Qxc7  1/2-1/2

[Event "DEN-chJ int"]
[Site "Tingkaerskolen"]
[Date "1997.??.??"]
[Round "8"]
[White "Bromann, Thorbjorn"]
[Black "Groetz, Harald"]
[Result "1/2-1/2"]
[WhiteElo "2230"]
[BlackElo "2245"]

1.e4 c5 2.Nf3 d6 3.Nc3 Nf6 4.d4 cxd4 5.Nxd4 Nc6 6.Bg5 e6 7.Qd2 a6 8.O-O-O Bd7
9.f4 h6 10.Bh4 g5 11.fxg5 Ng4 12.Nxc6 Bxc6 13.Be2 Ne5 14.Kb1 Be7 15.Bg3 hxg5
16.Rhf1 Qa5 17.Qe3 f6 18.Be1 Qc7 19.h4 gxh4 20.Qh3 Bd7 21.g3 b5 22.a3 Qb7
23.gxh4 a5 24.h5 b4 25.Na2 Qxe4 26.Rf2 d5 27.h6 Rb8 28.Ka1 bxa3 29.Bh5+ Kd8
30.Bxa5+ Kc8 31.b3 Rxh6 32.Qc3+ Nc6 33.Re2 Qf5 34.Bf7 d4 35.Qxc6+ Bxc6 36.Bxe6+ Qxe6
37.Rxe6 Kd7 38.Ree1 Rh4 39.Nc1 Rb5 40.b4 Bxb4 41.Bxb4 Rxb4 42.Rf1 Ke7 43.Nd3 Rc4
44.Rde1+ Be4 45.Nf4 Kf7 46.Rxe4 Rxc2 47.Rxd4 Rhh2 48.Rd7+ Ke8 49.Rb7 Ra2+
50.Kb1 Rab2+ 51.Rxb2 Rxb2+ 52.Ka1 Kd7 53.Nh5 f5 54.Rxf5 Ke6 55.Ra5 Rf2 56.Ng3 Rg2
57.Rxa3 Rg1+ 58.Kb2 Rg2+ 59.Kc1 Rg1+ 60.Kd2 Rg2+ 61.Ne2 Rh2 62.Ra5 Kd6 63.Kd3 Rh3+
64.Ke4 Rh4+ 65.Nf4 Rh1 66.Rd5+ Kc6 67.Rg5 Rh4 68.Rg6+ Kc5 69.Rg1 Kd6 70.Rd1+ Kc6
71.Ke5 Rh2 72.Rc1+ Kd7 73.Rc3 Rh1 74.Kd5 Ke7 75.Rc7+ Kf6 76.Nd3 Rd1 77.Ke4 Ra1
78.Rc6+ Ke7 79.Ke5 Kd7 80.Rh6 Ra5+ 81.Kd4 Ra1 82.Nc5+ Ke7 83.Ke5 Re1+ 84.Ne4 Kd7
85.Rg6 Kc7 86.Kd5 Rd1+ 87.Kc4 Rc1+ 88.Nc3 Kd7 89.Kd4 Rh1 90.Ra6 Ke7 91.Nd5+ Kd7
92.Ra7+ Kd6 93.Ra6+ Kd7 94.Nf6+ Ke7 95.Nd5+ Kd7 96.Ra2  1/2-1/2

[Event "Nordic Grand Prix"]
[Site "Torshavn"]
[Date "1997.??.??"]
[Round "6"]
[White "Djurhuus, Rune"]
[Black "Thorhallsson, Throstur"]
[Result "0-1"]
[WhiteElo "2530"]
[BlackElo "2500"]

1.e4 c5 2.Nf3 Nc6 3.d4 cxd4 4.Nxd4 Nf6 5.Nc3 d6 6.Bg5 e6 7.Qd2 a6 8.O-O-O h6
9.Be3 Qc7 10.f4 Be7 11.Kb1 Bd7 12.Nf3 b5 13.e5 dxe5 14.fxe5 Nxe5 15.Nxe5 Qxe5
16.Bf4 Qc5 17.Ne4 Qc8 18.Nxf6+ Bxf6 19.Bd3 Qb7 20.Rhe1 O-O-O 21.c4 b4 22.c5 Bb5
23.Bd6 a5 24.Bc2 Qa6 25.Qf4 Rd7 26.Qf3 Bc6 27.Bd3 Qa8 28.Re4 Be7 29.Qf4 Rhd8
30.Rd4 Bf6 31.Rc4 Bg5 32.Qf2 Qa7 33.Qe2 Kb7 34.Be4 Qa6 35.Bd3 Qa8 36.h4 Bf6
37.Qg4 Qa7 38.Be2 Ka8 39.Bf3 Qb7 40.Rd3 Bxf3 41.gxf3 Rc8 42.Qf4 Qb5 43.Qe4+ Qc6
44.Qe3 Rcd8 45.Qd2 Qb5 46.Re4 Rc8 47.Kc2 Be7 48.Bxe7 Rxe7 49.b3 Rec7 50.Rc4 Rxc5
51.Rxc5 Rxc5+ 52.Kb2 Rd5 53.Rxd5 Qxd5 54.Qf4 e5 55.Qf5 Kb7 56.h5 Kc7 57.Kc2 Kd8
58.Kb1 Ke7 59.Qg4 Qd1+  0-1

[Event "Turku We TSY"]
[Site "Turku"]
[Date "1997.??.??"]
[Round "2"]
[White "Holmsten, Aleksei"]
[Black "Sorsa, Nuutti"]
[Result "1-0"]
[WhiteElo "2325"]
[BlackElo "2270"]

1.e4 c5 2.Nf3 d6 3.d4 cxd4 4.Nxd4 Nf6 5.Nc3 Nc6 6.Bg5 e6 7.Qd2 a6 8.O-O-O h6
9.Be3 Nxd4 10.Qxd4 Qc7 11.f4 Be7 12.Be2 b5 13.Bf3 Bb7 14.Rhe1 Rc8 15.Qb6 Nd7
16.Qxc7 Rxc7 17.f5 Ne5 18.Bd4 Bf6 19.a3 Ke7 20.Kb1 Rhc8 21.Re2 Rc4 22.Red2 Bg5
23.Re2 Bf4 24.h3 g6 25.fxe6 fxe6 26.Na2 Rf8 27.Bc3 Bg3 28.Re3 Bf4 29.Re2 Kd7
30.Bb4 Rc6 31.Nc1 g5 32.Nb3 Nxf3 33.gxf3 Rf7 34.Nc5+ Ke8 35.Nxe6 Bc8 36.Nxf4 Rxf4
37.Rd3 Bxh3 38.Bxd6 Rh4 39.Rh2 Kf7 40.Bg3 Rh5 41.Rd1 g4 42.f4 Re6 43.e5 Rf5
44.b3 h5 45.Rf2 Kg6 46.Kb2 Rf7 47.Rd8 Rc6 48.Rg8+ Rg7 49.f5+ Kh7 50.Rxg7+ Kxg7
51.e6 Kf8 52.Rd2 Rc8 53.Rd7 h4 54.Bd6+ Ke8 55.f6  1-0

[Event "JUG Cup"]
[Site "Ulcinj"]
[Date "1997.??.??"]
[Round "?"]
[White "Tseshkovsky, Vitaly"]
[Black "Simonovic, Aleksandar"]
[Result "1/2-1/2"]
[WhiteElo "2510"]
[BlackElo "2410"]

1.e4 c5 2.Nf3 d6 3.d4 cxd4 4.Nxd4 Nf6 5.Nc3 Nc6 6.Bg5 Bd7 7.Be2 Qa5 8.Bxf6 gxf6
9.O-O Nxd4 10.Qxd4 Qc5 11.Qd3 e6 12.b4 Qc7 13.Qf3 Rc8 14.Nb5 Bxb5 15.Bxb5+ Ke7
16.Rad1 Bh6 17.Ba4 Rhd8 18.Rd3 a6 19.g3 b5 20.Bb3 a5 21.Qh5 Bg7 22.Qxb5 Rb8
23.Qxa5 Qxa5 24.bxa5 Ra8 25.Rfd1 Rxa5 26.f4 Rc5 27.R1d2 Rc6 28.Rd4 Ra8 29.Rb4 Rac8
30.Kg2 R8c7 31.Ra4 Rc5 32.c4 Bf8 33.Rb4 f5 34.exf5 Rxf5 35.a4 Rfc5 36.Rb5 h6
37.a5 Ra7 38.Ra2 Rc6 39.f5 Rca6 40.c5 dxc5 41.fxe6 fxe6 42.Rxc5 Kf6 43.Rb5 Bd6
44.Bc4 Bc7 45.Rh5 Rxa5 46.Raxa5 Bxa5 47.Rxh6+ Kg7 48.Rxe6 Rd7 49.h4 Bd8 50.Bb5 Rd5
51.Be2 Bf6 52.Bf3 Rc5 53.Kh3 Rc3 54.Bd5 Bd4 55.Re7+ Kf6 56.Rf7+ Kg6 57.Rf1 Be5
58.Be4+ Kg7 59.Bf3 Bc7 60.Rf2 Bb6 61.Rb2 Bc7 62.Kg2 Bd8 63.Rd2 Bf6 64.Rd7+ Kf8
65.Rd5 Kg7 66.Rd6 Re3 67.Ra6 Rc3 68.h5 Be5 69.Re6 Bf6 70.Ra6 Re3 71.Rb6 Re5
72.Kh3 Re3 73.Kg4 Be5 74.h6+ Kh7 75.Re6 Kh8 76.Kh3 Bf4 77.Rf6 Bxh6 78.Kg4 Bg7
79.Rf5 Be5 80.Rg5 Kh7  1/2-1/2

[Event "JUG Cup"]
[Site "Ulcinj"]
[Date "1997.??.??"]
[Round "?"]
[White "Savicevic, Vlatko"]
[Black "Lekic, Dusan"]
[Result "1/2-1/2"]
[WhiteElo "2350"]
[BlackElo "2385"]

1.e4 c5 2.Nf3 d6 3.d4 cxd4 4.Nxd4 Nf6 5.Nc3 Nc6 6.Bg5 e6 7.Qd2 Be7 8.O-O-O O-O
9.f4 h6 10.Bh4 Bd7 11.Nf3 Qa5 12.Bd3 Rfc8 13.Kb1 Nb4 14.a3 Nxd3 15.Qxd3 Rxc3
16.Qxc3 Qxc3 17.bxc3 g5 18.e5 gxh4 19.exf6 Bxf6 20.Rxd6 Bc6 21.Rd3 Kf8 22.Rg1 Rc8
23.Ne5 Bb5 24.Rf3 Be7 25.Re1 Bc6 26.Nxc6 Rxc6 27.Kb2  1/2-1/2

[Event "Clarin GP-f"]
[Site "Villa Gesell"]
[Date "1997.??.??"]
[Round "1"]
[White "Fiorito, Fabian"]
[Black "Braga, Fernando"]
[Result "1/2-1/2"]
[WhiteElo "2470"]
[BlackElo "2455"]

1.e4 c5 2.Nf3 Nc6 3.d4 cxd4 4.Nxd4 Nf6 5.Nc3 d6 6.Bg5 e6 7.Qd2 a6 8.O-O-O Nxd4
9.Qxd4 Be7 10.f4 b5 11.Bxf6 gxf6 12.e5 d5 13.Kb1 Bb7 14.Qe3 Qc7 15.Ne2 O-O-O
16.Nd4 Rhg8 17.exf6 Bxf6 18.g3 Kb8 19.a4 bxa4 20.Qa3 Rd6 21.Qxa4 Rb6  1/2-1/2

[Event "Clarin GP op"]
[Site "Villa Martelli"]
[Date "1997.??.??"]
[Round "5"]
[White "Zarnicki, Pablo"]
[Black "Scarella, Enrique"]
[Result "0-1"]
[WhiteElo "2550"]
[BlackElo "2380"]

1.e4 c5 2.Nf3 Nc6 3.d4 cxd4 4.Nxd4 Nf6 5.Nc3 d6 6.Bg5 a6 7.Qd2 e6 8.O-O-O Bd7
9.f3 Rc8 10.Kb1 Be7 11.h4 O-O 12.g4 b5 13.Nxc6 Bxc6 14.Be3 b4 15.Ne2 Nxe4
16.Qxb4 Nf6 17.Nd4 Ba8 18.g5 Nd5 19.Qd2 Nxe3 20.Qxe3 Qb6 21.Rd3 Rb8 22.Rb3 Qc5
23.Rc3 Qb6 24.b3 g6 25.Qd3 Rfe8 26.h5 Bf8 27.hxg6 hxg6 28.Bh3 Bd5 29.Rd1 Bg7
30.f4 a5 31.Qd2 a4 32.Bf1 axb3 33.cxb3 Be4+ 34.Kb2 Rec8 35.Nb5 Qxb5 36.Bxb5 Rxb5
37.Rc1 Rbc5 38.Qe2 Rxc3 39.Ka3 Ra8+ 40.Kb4 Rb8+  0-1

[Event "Warsaw-ch"]
[Site "Warsaw"]
[Date "1997.??.??"]
[Round "6"]
[White "Ehrenfeucht, Wojciech"]
[Black "Shishkin, Vadim"]
[Result "1-0"]
[WhiteElo "2290"]
[BlackElo "2425"]

1.e4 c5 2.Nf3 Nc6 3.d4 cxd4 4.Nxd4 Nf6 5.Nc3 d6 6.Bg5 e6 7.Qd2 a6 8.O-O-O Bd7
9.f3 h6 10.Be3 Rc8 11.h4 Ne5 12.g4 g6 13.Rh2 Nc4 14.Bxc4 Rxc4 15.g5 hxg5
16.hxg5 Rxh2 17.Qxh2 Nh5 18.Nde2 Qc7 19.Rd4 Rc6 20.Rd3 b5 21.Nf4 Nxf4 22.Bxf4 b4
23.Nd1 e5 24.Bg3 Be6 25.b3 Qa5 26.Kb1 Qa3 27.Ne3 Rc5 28.Nd5 Bxd5 29.Rxd5 Rxd5
30.exd5 Bg7 31.Qh7 Kf8 32.Qh3 Ke7 33.Qc8 Qa5 34.Qb7+ Ke8 35.Qc6+ Ke7 36.Bf2 e4
37.Bg3 Qc5 38.Qxc5 dxc5 39.fxe4 Bd4 40.Bf4 f6 41.Kc1  1-0

[Event "Atlantic op"]
[Site "Washington DC"]
[Date "1997.??.??"]
[Round "2"]
[White "Popovych, Orest"]
[Black "Kaufman, Larry C"]
[Result "1-0"]
[WhiteElo "2295"]
[BlackElo "2415"]

1.e4 c5 2.Nf3 d6 3.d4 Nf6 4.Nc3 cxd4 5.Nxd4 Nc6 6.Bg5 e6 7.Qd2 Be7 8.O-O-O Nxd4
9.Qxd4 O-O 10.f4 Qa5 11.Bc4 Bd7 12.e5 dxe5 13.fxe5 Bc6 14.Bd2 Nd7 15.Nd5 Qc5
16.Nxe7+ Qxe7 17.Rhe1 Rfd8 18.Bf1 Nf8 19.Qg4 Rac8 20.Bb4 Rxd1+ 21.Rxd1 Qc7
22.Bd6 Qa5 23.a3 Ng6 24.Qd4 Qa4 25.g3 Qxd4 26.Rxd4 Rd8 27.c4 Ne7 28.g4 Ng6
29.b4 a6 30.Kb2 Nh4 31.b5 axb5 32.cxb5 Bh1 33.Be2 Rc8 34.a4 Bd5 35.a5 Ng2
36.b6 Ne3 37.Bc7 Bc6 38.Rd6 Be4 39.a6 bxa6 40.Bxa6 Re8 41.Rd4 Bc6 42.b7 Bxb7
43.Bxb7 h6 44.h3 Re7 45.Rd8+ Kh7 46.Be4+ g6 47.Bd6 Ra7 48.Ra8 Rxa8 49.Bxa8 f5
50.gxf5 gxf5 51.Kc3 Kg6 52.Kd4 Nf1 53.Bc6 Ng3 54.Ke3 Kf7 55.Bf3 Kg6 56.Be7 Nh5
57.Bxh5+ Kxh5 58.Kf4 Kg6 59.Ke3 Kf7 60.Bf6 Kg6 61.Kf4 Kh5 62.Kg3 Kg6 63.Kh4 f4
64.Kg4 f3 65.Kxf3 Kf5 66.Kg3  1-0

[Event "Hoogovens-B"]
[Site "Wijk aan Zee"]
[Date "1997.??.??"]
[Round "1"]
[White "David, Alberto"]
[Black "Atalik, Suat"]
[Result "0-1"]
[WhiteElo "2455"]
[BlackElo "2555"]

1.e4 c5 2.Nf3 d6 3.d4 cxd4 4.Nxd4 Nf6 5.Nc3 Nc6 6.Bg5 e6 7.Qd2 a6 8.O-O-O h6
9.Be3 Be7 10.f4 Qc7 11.Bd3 b5 12.Kb1 Bb7 13.h3 b4 14.Na4 Nxd4 15.Bxd4 Nxe4
16.Qxb4 O-O 17.Qe1 f5 18.g4 d5 19.Rg1 Bf6 20.Bxf6 Rxf6 21.g5 Rg6 22.gxh6 Rxh6
23.Qe3 Kh7 24.Bxe4 fxe4 25.Rg5 Rf8 26.Rdg1 g6 27.Re5 Bc8 28.Nb6 Qc6 29.c4 dxc4
30.Rc1 Bb7 31.Rxc4 Qe8 32.Rc7+ Rf7 33.Rec5 Rh5 34.Rxh5+ gxh5 35.Rxb7 Rxb7
36.Qxe4+ Qg6  0-1

[Event "VAM Hoogeveen op"]
[Site "Wijk aan Zee"]
[Date "1997.??.??"]
[Round "3"]
[White "Nijboer, Friso"]
[Black "Greenfeld, Alon"]
[Result "1-0"]
[WhiteElo "2605"]
[BlackElo "2540"]

1.e4 c5 2.Nf3 d6 3.d4 cxd4 4.Nxd4 Nf6 5.Nc3 Nc6 6.Bg5 e6 7.Qd2 a6 8.O-O-O h6
9.Bf4 Bd7 10.Nxc6 Bxc6 11.f3 d5 12.Qe1 Bb4 13.a3 Ba5 14.b4 Bb6 15.exd5 Bxd5
16.Be5 O-O 17.Qh4 Be3+ 18.Kb2 Bg5 19.Qd4 Bc6 20.a4 Qxd4 21.Bxd4 Rfc8 22.Kb3 Nd7
23.Bc4 b6 24.Rhe1 a5 25.Rxe6 fxe6 26.Bxe6+ Kf8 27.b5 Re8 28.Bg4 Nb8 29.bxc6 Nxc6
30.Bg1 Red8 31.Nd5 Ne7 32.c4 Rab8 33.f4 Nxd5 34.cxd5 Be7 35.Be2 Bc5 36.Bxc5+ bxc5+
37.Bb5 Re8 38.Kc4 Re4+ 39.Kxc5 Rxf4 40.d6  1-0

[Event "VAM Hoogeveen op"]
[Site "Wijk aan Zee"]
[Date "1997.??.??"]
[Round "9"]
[White "Rogers, Ian"]
[Black "Greenfeld, Alon"]
[Result "1/2-1/2"]
[WhiteElo "2570"]
[BlackElo "2540"]

1.e4 c5 2.Nf3 d6 3.d4 cxd4 4.Nxd4 Nf6 5.Nc3 Nc6 6.Bg5 e6 7.Qd2 a6 8.O-O-O h6
9.Bf4 Bd7 10.Nxc6 Bxc6 11.f3 d5 12.Qe1 Bb4 13.a3 Ba5 14.b4 Bb6 15.exd5 Bxd5
16.Be5 O-O 17.Qh4 Be3+ 18.Kb2 Bg5 19.Qd4 Bc6 20.a4 Qxd4 21.Bxd4 Rfc8 22.Kb3 Nd7
23.Bc4 b6 24.Rhe1 a5 25.Rxe6 fxe6 26.Bxe6+ Kf8 27.b5 Bxf3 28.gxf3 Nc5+ 29.Bxc5+ Rxc5
30.Rd7 Rd8 31.Rxd8+ Bxd8 32.Nd5 Rxd5  1/2-1/2

[Event "Zadar op"]
[Site "Zadar"]
[Date "1997.??.??"]
[Round "6"]
[White "Fercec, Nenad"]
[Black "Delchev, Aleksander"]
[Result "1/2-1/2"]
[WhiteElo "2450"]
[BlackElo "2525"]

1.e4 c5 2.Nf3 d6 3.d4 cxd4 4.Nxd4 Nf6 5.Nc3 Nc6 6.Bg5 e6 7.Qd2 a6 8.O-O-O h6
9.Be3 Bd7 10.f4 b5 11.Bd3 Be7 12.h3 Nxd4 13.Bxd4 Bc6  1/2-1/2

[Event "Zagreb op"]
[Site "Zagreb"]
[Date "1997.??.??"]
[Round "5"]
[White "Kutuzovic, Branko"]
[Black "Bertok, Mario"]
[Result "1-0"]
[WhiteElo "2395"]
[BlackElo "2285"]

1.e4 c5 2.Nf3 d6 3.d4 cxd4 4.Nxd4 Nf6 5.Nc3 Nc6 6.Bg5 e6 7.Qd2 a6 8.O-O-O Bd7
9.f4 b5 10.Bxf6 gxf6 11.Kb1 Qb6 12.Nxc6 Bxc6 13.Qe1 Be7 14.f5 Qc5 15.Qh4 h5
16.Bd3 O-O-O 17.Qh3 Bd7 18.Rhf1 Qe5 19.Ne2 Rdg8 20.Nf4 h4 21.a4 Bd8 22.axb5 axb5
23.c3 Bb6 24.Bc2 Rh6 25.Rde1 Qc5 26.Bb3 Re8 27.fxe6 fxe6 28.Nxe6 Qe5 29.Rf5 Rxe6
30.Rxe5 Rxe5 31.Qd3 f5 32.Qd2 Rf6 33.exf5 Bxf5+ 34.Ka2 Be4 35.Rxe4 Rxe4 36.Qd5 Re5
37.Qc6+ Bc7 38.Bd5 Re7 39.Qb7+ Kd8 40.Bc6  1-0

[Event "Zagreb"]
[Site "Zagreb"]
[Date "1997.??.??"]
[Round "9"]
[White "Mihalincic, Tomislav"]
[Black "Videki, Sandor"]
[Result "0-1"]
[WhiteElo "2120"]
[BlackElo "2375"]

1.e4 c5 2.Nf3 d6 3.d4 cxd4 4.Nxd4 Nf6 5.Nc3 Nc6 6.Bg5 Bd7 7.Qd2 Rc8 8.O-O-O Nxd4
9.Qxd4 Qa5 10.Bd2 a6 11.Bc4 Qc5 12.Qxc5 Rxc5 13.Bb3 Ng4 14.Rdf1 e6 15.f4 b5
16.a3 Be7 17.Re1 Bc6 18.Re2 Bb7 19.h3 Nf6 20.Rhe1 Nd7 21.g3 Rc7 22.Ba2 Nb6
23.Nd1 Nc4 24.Bb4 Kd7 25.Bxc4 Rxc4 26.b3 Rc7 27.Rd2 Rhc8 28.Nf2 Ke8 29.Nd3 Rd7
30.Rde2 Bd8 31.e5 dxe5 32.Nxe5 Rd4 33.Kb2 a5 34.Bc3 Rd6 35.Nd3 Bf6 36.Ne5 Ra6
37.Rd2 Bd5 38.Bd4 Rd6 39.Rc1 Be4 40.Bc3 Rxd2 41.Bxd2 a4 42.Bc3 Be7 43.Bb4 Bxb4
44.axb4 axb3 45.Kxb3 h5 46.c4 f6 47.Re1 Bg2 48.cxb5 fxe5 49.Rxe5 Bd5+ 50.Kb2 g6
51.g4 hxg4 52.hxg4 Kf7 53.b6 Kf6 54.Ka3 Ra8+  0-1

[Event "Zagreb"]
[Site "Zagreb"]
[Date "1997.??.??"]
[Round "11"]
[White "Krstic, Uros"]
[Black "Videki, Sandor"]
[Result "0-1"]
[WhiteElo "2270"]
[BlackElo "2375"]

1.e4 c5 2.Nf3 d6 3.d4 cxd4 4.Nxd4 Nf6 5.Nc3 Nc6 6.Bg5 e6 7.Qd2 a6 8.O-O-O Bd7
9.f3 b5 10.Kb1 Na5 11.g4 h6 12.Be3 b4 13.Nce2 Nc4 14.Qd3 Rc8 15.Bc1 Qc7 16.Ng3 d5
17.exd5 Nxd5 18.Qxc4 Qxc4 19.Bxc4 Rxc4 20.Rhe1 Be7 21.Nb3 Nf6 22.h4 Bc8 23.Rd3 Rc7
24.g5 hxg5 25.hxg5 Nh5 26.Ne4 O-O 27.Nd6 g6 28.Bd2 Rd8 29.Bxb4 Nf4 30.Nxc8 Rdxc8
31.Rd4 Bxb4 32.Rxb4 Nd5 33.Ra4 Rxc2 34.Rxa6 Rf2 35.Nd4 Rb8 36.b3 Nc3+ 37.Ka1 Rd8
38.Nc6 Rdd2 39.Nb4 Kg7 40.Rc1 Rxf3 41.Rc2 Rd1+ 42.Kb2 Rb1+ 43.Ka3 Ne4 44.Ra5 Rg1
45.Kb2 Nxg5 46.Nc6 Ne4 47.a4 Rff1 48.Ka3 Ra1+ 49.Kb4 Nf6 50.Ra7 Rg4+ 51.Kb5 Rg5+
52.Ka6 Rd5 53.a5 g5 54.b4 Rb1 55.Rb7 g4 56.Rg2 Rb3 57.b5 g3 58.b6 Ne4 59.Rc7 Nc5+
60.Ka7 Ra3 61.b7 Nxb7 62.Rxb7 Rf5 63.a6 Rf2 64.Rg1 Rfa2 65.Rb6 g2 66.Kb7 Kf6
67.a7 Kf5 68.Rb5+ e5 69.Kb8 f6  0-1

[Event "Zillertal op"]
[Site "Zillertal"]
[Date "1997.??.??"]
[Round "9"]
[White "Lanka, Zigurds"]
[Black "Kupfner, Franz"]
[Result "1-0"]
[WhiteElo "2575"]
[BlackElo "2105"]

1.e4 c5 2.Nf3 d6 3.d4 cxd4 4.Nxd4 Nf6 5.Nc3 Nc6 6.Bg5 Bd7 7.Nb3 e6 8.Nb5 Qb8
9.Bxf6 gxf6 10.Qh5 a6 11.Nc3 Qa7 12.Bd3 Ne5 13.O-O Be7 14.Kh1 Rg8 15.f4 Nxd3
16.cxd3 Rg7 17.Qh6 Kf8 18.Rf3 Kg8 19.f5 Kh8 20.Rh3 b5 21.Rf1 b4 22.Rf4 bxc3
23.Rg4  1-0

[Event "Zagreb op"]
[Site "Zagreb"]
[Date "1998.01.09"]
[Round "7"]
[White "Krstic, Uros"]
[Black "Kutuzovic, Branko"]
[Result "0-1"]
[WhiteElo "2265"]
[BlackElo "2425"]

1.e4 c5 2.Nf3 d6 3.d4 cxd4 4.Nxd4 Nf6 5.Nc3 Nc6 6.Bg5 e6 7.Qd2 a6 8.O-O-O Bd7
9.f3 Rc8 10.h4 Be7 11.Nb3 b5 12.Kb1 Ne5 13.Bd3 Qc7 14.Nd4 h6 15.Be3 b4 16.Nce2 d5
17.Bf4 dxe4 18.fxe4 Nc4 19.Qc1 Qb6 20.Nf3 Ng4 21.Rhf1 Nge3 22.Bxc4 Nxc4 23.Ne5 Nxe5
24.Bxe5 f6 25.Bd4 Qc7 26.Nf4 O-O 27.Ng6 Rf7 28.e5 f5 29.Qd2 Bc6 30.c3 b3
31.Nxe7+ Qxe7 32.axb3 Qxh4 33.Rf4 Be4+ 34.Ka2 Qd8 35.c4 Rd7 36.g4 Rxd4  0-1

[Event "CZE-chT 9798"]
[Site "CZE"]
[Date "1998.01.17"]
[Round "5"]
[White "Talla, Vladimir"]
[Black "Michenka, Jozef"]
[Result "1/2-1/2"]
[WhiteElo "2335"]
[BlackElo "2330"]

1.e4 c5 2.Nf3 Nc6 3.d4 cxd4 4.Nxd4 Nf6 5.Nc3 d6 6.Bg5 Bd7 7.Qd2 Nxd4 8.Qxd4 h6
9.Bxf6 gxf6 10.f4 Rg8 11.O-O-O Qa5 12.g3 f5 13.Bc4 Bg7 14.e5 Rc8 15.Bb3 Bc6
16.Rhe1 dxe5 17.fxe5 e6 18.g4 fxg4 19.Bxe6 fxe6 20.Qd6 Kf7 21.Rf1+ Bf3 22.Qd7+ Kg6
23.Qd3+ Kf7 24.Qd7+ Kg6 25.Qd3+ Kf7 26.Qd7+  1/2-1/2

[Event "Anibal op 5th"]
[Site "Linares"]
[Date "1998.01.23"]
[Round "4"]
[White "Garcia, Gildardo"]
[Black "Epishin, Vladimir"]
[Result "0-1"]
[WhiteElo "2505"]
[BlackElo "2590"]

1.e4 c5 2.Nf3 d6 3.d4 cxd4 4.Nxd4 Nf6 5.Nc3 Nc6 6.Bg5 e6 7.Qd2 a6 8.O-O-O Nxd4
9.Qxd4 Be7 10.f4 b5 11.Be2 O-O 12.Bf3 Bb7 13.Bxf6 gxf6 14.e5 d5 15.f5 Kh8
16.fxe6 fxe6 17.Kb1 Qc7 18.Qg4 b4 19.Ne2 fxe5 20.Qxe6 Rad8 21.Qh6 a5 22.Rhf1 Rf6
23.Qe3 a4 24.Bg4 d4 25.Qd2 b3 26.cxb3 axb3 27.Ng3 d3 28.axb3 Bb4 29.Rc1 Qa5
30.Qxd3 Rxd3 31.Rxf6 Rxg3  0-1

[Event "Anibal op 5th"]
[Site "Linares"]
[Date "1998.01.24"]
[Round "5"]
[White "Timoshenko, Georgy"]
[Black "Wang Lei"]
[Result "1-0"]
[WhiteElo "2560"]
[BlackElo "2390"]

1.e4 c5 2.Nf3 Nc6 3.d4 cxd4 4.Nxd4 Nf6 5.Nc3 d6 6.Bg5 e6 7.Qd2 a6 8.O-O-O Bd7
9.f4 h6 10.Bh4 g5 11.fxg5 Ng4 12.Nxc6 Bxc6 13.Be2 Ne5 14.g3 Ng6 15.Rhf1 Be7
16.gxh6 Nxh4 17.gxh4 Bf8 18.Qd4 Rxh6 19.h5 Qg5+ 20.Kb1 Rh7 21.Nd5 O-O-O 22.Nb4 Bb5
23.Nd3 Bh6 24.Rf3 Qg2 25.Rf2 Qg5 26.Rf3 Qg2 27.Rf2 Qg5 28.a4 Be8 29.Rf3 Qa5
30.Rg3 Kc7 31.Nb4 Qb6 32.Qc4+ Kd7 33.e5 Ke7 34.Qh4+ Kf8 35.Rdg1 Rg7 36.Rxg7 Bxg7
37.Rxg7  1-0

[Event "Ubeda op"]
[Site "Ubeda"]
[Date "1998.01.24"]
[Round "5"]
[White "Agnos, Demetrios"]
[Black "Murugan, Krishnamoorthy"]
[Result "1-0"]
[WhiteElo "2475"]
[BlackElo "2410"]

1.e4 c5 2.Nf3 Nc6 3.d4 cxd4 4.Nxd4 Nf6 5.Nc3 d6 6.Bg5 e6 7.Qd2 a6 8.O-O-O h6
9.Be3 Bd7 10.f4 Be7 11.Bd3 b5 12.h3 Nxd4 13.Bxd4 Bc6 14.Kb1 Qc7 15.e5 dxe5
16.fxe5 Nd7 17.Qe3 Rc8 18.Ne2 O-O 19.h4 Bd5 20.c3 b4 21.Nf4 bxc3 22.Bxc3 Nb6
23.Nh5 Bxa2+ 24.Ka1 Kh8 25.Qe4  1-0